Statistics for Facts about the United States

Click here to take the quiz!

General Stats

  • This quiz has been taken 16 times
  • The average score is 3 of 5

Answer Stats

QuestionAnswer% Correct
How many capitals have the word "city" in it?4
100%
How many states have their name in their capitals?2
89%
How many capitals start with the same letter as their state?4
67%
How many states start with a vowel?11
56%
Which capital is the only capital to have their last two letters the abbreviations of their state?Albany
11%

Score Distribution

Percentile by Number Answered

Percent of People with Each Score

Your Score History

You have not taken this quiz